Statystyki dla Sklepy w Kozienicach

Kliknij tutaj aby rozwiązać quiz!

Ogólne statystyki

  • Ten quiz został rozwiązany 29 razy
  • Średni wynik to 5 z 9

Statystyki odpowiedzi

Odpowiedź% Poprawnych
Biedronka
96%
Biedronka
96%
Lidl
89%
Żabka
74%
Żabka
74%
Stokrotka
44%
Delikatesy Centrum
30%
ODiDO
26%
Stokrotka Mini
0%

Rozkład punktacji

Percentyl według liczby udzielonych odpowiedzi

Procent ludzi z każdym wynikiem

Twoja historia wyników

Nie rozwiązałeś tego quizu